000 00448nam a2200121Ia 4500
008 171212s9999 xx 000 0 und d
020 _a9781925021158
245 _aTajikistan
_bA Political and Social History
260 _bANU E Press
_c2013
650 _aHistory
650 _aTajikistan -- Politics and government -- 1991-; Tajikistan -- Social conditions; Tajikistan -- Social life and customs
856 _uhttp://www.jstor.org/stable/j.ctt5hgxx8
999 _c351330
_d351330